|
|
|
|
| LEADER |
00000nam a2200000 i 4500 |
| 001 |
DIGVIETO156 |
| 003 |
NyNyDIG |
| 008 |
200715s2017 sp o 000 0 spa d |
| 006 |
m o d |
| 007 |
cr ||||||||||| |
| 035 |
|
|
|a (OCoLC)1196210579
|
| 040 |
|
|
|a DGITA
|b eng
|e rda
|e pn
|c DGITA
|
| 020 |
|
|
|z 9788416995295
|
| 020 |
|
|
|z 841699529X
|
| 043 |
|
|
|a e-sp---
|
| 050 |
1 |
4 |
|a HM1121 ebook
|
| 082 |
0 |
4 |
|a 303.6
|
| 100 |
1 |
|
|a Cañada, Manuel,
|d 1962-
|e author.
|
| 245 |
1 |
3 |
|a La dignidad, última trinchera /
|c Manuel Cañada ; prólogo de Julio Anguita ; epílogo de Juan Andrade.
|
| 264 |
|
1 |
|a Vilassar de Dalt (Barcelona) :
|b El Viejo Topo,
|c [2017]
|
| 300 |
|
|
|a 1 online resource.
|
| 336 |
|
|
|a text
|b txt
|2 rdacontent
|
| 337 |
|
|
|a computer
|b c
|2 rdamedia
|
| 338 |
|
|
|a online resource
|b cr
|2 rdacarrier
|
| 347 |
|
|
|a text file
|2 rdaft
|
| 347 |
|
|
|b PDF
|
| 588 |
0 |
|
|a Online resource; title from PDF title page (Digitalia, viewed July 25, 2020)
|
| 650 |
|
0 |
|a Social conflict
|z Spain.
|
| 651 |
|
0 |
|a Spain
|x Social conditions
|y 21st century.
|
| 651 |
|
0 |
|a Spain
|x Economic conditions
|y 21st century.
|
| 650 |
|
0 |
|a Dignity.
|
| 655 |
|
0 |
|a Electronic books.
|
| 700 |
1 |
|
|a Anguita, Julio,
|e contributor agent of text.
|
| 700 |
1 |
|
|a Andrade Blanco, Juan Antonio,
|e contributor agent of text.
|
| 791 |
2 |
|
|a Digitalia (Firm),
|e distributor.
|
| 793 |
0 |
|
|g Digitalia eBook Collection:
|a El Viejo Topo
|
| 776 |
0 |
8 |
|i Print version:
|a Cañada, Manuel, 1962-
|t Dignidad, última trinchera.
|d Vilassar de Dalt, Barcelona : El Viejo Topo, [2017]
|z 9788416995295
|w (DLC) 2017494110
|w (OCoLC)1003440789
|
| 856 |
4 |
0 |
|3 Digitalia Hispánica
|u https://www.digitaliapublishing.com/a/57729/
|
| 910 |
|
|
|a Premium collection: 2020
|